[Event "Remote 4 Seasons Winter-A email"]
[Site "Remote email"]
[Date "2014.01.15"]
[Round "?"]
[White "Pohlig, Bernd"]
[Black "Doderer, Harald"]
[Result "1/2-1/2"]
[WhiteElo "2478"]
[BlackElo "2467"]
[PlyCount "70"]
[EventDate "2014.??.??"]
[EventType "tourn (corr)"]
[EventRounds "12"]
[EventCountry "GER"]
[SourceTitle "Corr 2015"]
[Source "ChessBase"]
[SourceDate "2015.07.17"]
[SourceVersion "1"]
[SourceVersionDate "2015.07.17"]
[SourceQuality "1"]

1. e4 c5 2. Nf3 Nc6 3. Bb5 d6 4. 0-0 Bd7 5. Re1 Nf6 6. c3 a6 7. Bf1 Bg4 8. d3 e6 9. Nbd2 Be7 10. h3 Bh5 11. g4 Bg6 12. Nh4 Nd7 13. Nxg6 hxg6 14. f4 Bh4 15. Re2 g5 16. f5 Nde5 17. Re3 0-0 18. Bg2 Qb6 19. Nf3 Nxf3+ 20. Qxf3 Ne5 21. Qf1 Rfe8 22. Kh1 a5 23. f6 Rac8 24. fxg7 Kxg7 25. c4 Rf8 26. Rb1 f6 27. b3 Nc6 28. Bd2 Nd4 29. Bc3 Qc7 30. Qg1 Rf7 31. a4 Ra8 32. Bf3 Ra6 33. Bd1 Qc6 34. Qg2 Qb6 35. Bc2 Rf8 1/2-1/2

[Event "Remote 4 Seasons Winter-A email"]
[Site "Remote email"]
[Date "2014.01.15"]
[Round "?"]
[White "Pohlig, Bernd"]
[Black "Markus, Roland"]
[Result "1/2-1/2"]
[WhiteElo "2480"]
[BlackElo "2482"]
[PlyCount "43"]
[EventDate "2014.??.??"]
[EventType "tourn (corr)"]
[EventRounds "12"]
[EventCountry "GER"]
[SourceTitle "Corr 2015"]
[Source "ChessBase"]
[SourceDate "2015.07.17"]
[SourceVersion "1"]
[SourceVersionDate "2015.07.17"]
[SourceQuality "1"]

1. e4 e5 2. Bc4 Nf6 3. d3 c6 4. Nf3 d5 5. Bb3 Bd6 6. Nc3 dxe4 7. Ng5 0-0 8. Ngxe4 Nxe4 9. Nxe4 Bf5 10. Qf3 Bxe4 11. dxe4 Nd7 12. 0-0 Nc5 13. Bc4 b5 14. Be2 Qe7 15. c3 Bc7 16. b4 Na4 17. c4 a5 18. cxb5 axb4 19. bxc6 Qd6 20. Bd1 Qxc6 21. a3 Qc3 22. Rb1 1/2-1/2

[Event "Remote 4 Seasons Winter-A email"]
[Site "Remote email"]
[Date "2014.01.15"]
[Round "?"]
[White "Pohlig, Bernd"]
[Black "Scherer, Andreas"]
[Result "0-1"]
[WhiteElo "2478"]
[BlackElo "2538"]
[PlyCount "94"]
[EventDate "2014.??.??"]
[EventType "tourn (corr)"]
[EventRounds "12"]
[EventCountry "GER"]
[SourceTitle "Corr 2015"]
[Source "ChessBase"]
[SourceDate "2015.07.17"]
[SourceVersion "1"]
[SourceVersionDate "2015.07.17"]
[SourceQuality "1"]

1. e4 e5 2. Nf3 Nc6 3. Bc4 Bc5 4. c3 Nf6 5. d3 a6 6. Bb3 d5 7. exd5 Nxd5 8. 0-0 0-0 9. Nbd2 Ba7 10. Nc4 f6 11. Re1 Kh8 12. Ne3 Nf4 13. d4 g5 14. dxe5 Nd3 15. Rf1 Ncxe5 16. Nxe5 fxe5 17. Bc2 e4 18. Qe2 Be6 19. Rd1 Rf4 20. Bxd3 exd3 21. Qxd3 Qf6 22. Rf1 Rd8 23. Qe2 Qe5 24. b3 Bg4 25. Qb2 Rd6 26. a4 Bf3 27. gxf3 Rh4 28. Rd1 Qxh2+ 29. Kf1 Rf6 30. Ke2 Rxf3 31. c4+ Bd4 32. Qxd4+ Rxd4 33. Rxd4 Rxf2+ 34. Kd3 c5 35. Rd5 Qh5 36. Kc3 Qg6 37. Rd2 Qf6+ 38. Kc2 g4 39. Rxf2 Qxf2+ 40. Kb1 g3 41. Ra2 Qf3 42. Rd2 h5 43. Rd5 Kg7 44. Rf5 Qe4+ 45. Ka2 h4 46. Rxc5 Kg6 47. Rc8 Qd3 0-1

[Event "Remote Federal-ch email"]
[Site "Remote email"]
[Date "2013.09.11"]
[Round "?"]
[White "Skowronek, Juergen"]
[Black "Pohlig, Bernd"]
[Result "0-1"]
[WhiteElo "2275"]
[BlackElo "2480"]
[PlyCount "130"]
[EventDate "2013.??.??"]
[EventType "swiss (corr)"]
[EventRounds "12"]
[EventCountry "GER"]
[SourceTitle "Corr 2015"]
[Source "ChessBase"]
[SourceDate "2015.07.17"]
[SourceVersion "1"]
[SourceVersionDate "2015.07.17"]
[SourceQuality "1"]

1. Nf3 Nf6 2. d4 e6 3. c4 d5 4. Nc3 c6 5. Bg5 h6 6. Bh4 dxc4 7. e4 g5 8. Bg3 b5 9. Ne5 h5 10. h4 g4 11. Be2 Bb7 12. 0-0 Nbd7 13. Qc2 Nxe5 14. Bxe5 Bh6 15. b3 cxb3 16. axb3 0-0 17. Rfd1 Qe7 18. Bg3 Rfd8 19. e5 Nd5 20. Ne4 a5 21. Bd3 Nb4 22. Qb1 Kf8 23. Nd6 Rd7 24. Be2 Kg8 25. Qe4 Qf8 26. f3 Qg7 27. fxg4 hxg4 28. Rf1 Nd5 29. Qxg4 Ne3 30. Qxg7+ Bxg7 31. Rfc1 Nf5 32. Nxf5 exf5 33. Bf2 a4 34. bxa4 bxa4 35. Bf3 a3 36. Rxc6 Bf8 37. Kf1 Ra6 38. Rxa6 Bxa6+ 39. Be2 Bb7 40. Be3 Bd5 41. Kf2 Rc7 42. Bf3 Rc2+ 43. Kg3 Bc4 44. d5 Rc3 45. Kf2 f4 46. Bb6 Rc2+ 47. Kg1 Bb4 48. d6 Be6 49. Rd1 a2 50. Bd4 Bc5 51. Bxc5 Rxc5 52. Ra1 Kf8 53. Be2 Rc2 54. Bd3 Rb2 55. Be4 Bd5 56. d7 Ke7 57. Rd1 a1Q 58. Rxa1 Bxe4 59. Ra4 Rxg2+ 60. Kf1 Bc6 61. d8Q+ Kxd8 62. Rc4 Bb5 63. Kxg2 Bxc4 64. Kf3 Ke7 65. h5 Bb3 0-1

[Event "Remote-ch Class3 email"]
[Site "Remote email"]
[Date "2013.04.01"]
[Round "?"]
[White "Leisebein, Peter"]
[Black "Pohlig, Bernd"]
[Result "1/2-1/2"]
[WhiteElo "2447"]
[BlackElo "2486"]
[PlyCount "85"]
[EventDate "2013.??.??"]
[EventType "tourn (corr)"]
[EventRounds "6"]
[EventCountry "GER"]
[SourceTitle "Corr 2015"]
[Source "ChessBase"]
[SourceDate "2015.07.17"]
[SourceVersion "1"]
[SourceVersionDate "2015.07.17"]
[SourceQuality "1"]

1. d4 Nf6 2. f3 d5 3. e4 dxe4 4. Nc3 exf3 5. Nxf3 e6 6. Bg5 Be7 7. Bd3 Nc6 8. a3 h6 9. Bh4 0-0 10. Qd2 Ne4 11. Bxe4 Bxh4+ 12. g3 Bf6 13. Ne2 Qd6 14. 0-0-0 Rb8 15. g4 e5 16. d5 Nd4 17. Nexd4 exd4 18. g5 Be5 19. Nxe5 Qxe5 20. Qxd4 Qxd4 21. Rxd4 hxg5 22. Bf3 Bh3 23. Rc4 Rfc8 24. Re1 b5 25. Rc3 Kf8 26. Bh5 Bd7 27. Rf3 f6 28. b3 c6 29. d6 Be8 30. Bg4 Rd8 31. Re7 Rxd6 32. Rxa7 Rbd8 33. a4 bxa4 34. bxa4 Bd7 35. Bxd7 R8xd7 36. Ra8+ Ke7 37. a5 Rd1+ 38. Kb2 Rb7+ 39. Rb3 Rxb3+ 40. cxb3 Rd8 41. Ra6 Kd6 42. b4 Kd5 43. Ra7 1/2-1/2

[Event "Remote-ch Class3 email"]
[Site "Remote email"]
[Date "2013.04.01"]
[Round "?"]
[White "Markus, Roland"]
[Black "Pohlig, Bernd"]
[Result "1-0"]
[WhiteElo "2491"]
[BlackElo "2486"]
[PlyCount "101"]
[EventDate "2013.??.??"]
[EventType "tourn (corr)"]
[EventRounds "6"]
[EventCountry "GER"]
[SourceTitle "Corr 2015"]
[Source "ChessBase"]
[SourceDate "2015.07.17"]
[SourceVersion "1"]
[SourceVersionDate "2015.07.17"]
[SourceQuality "1"]

1. e4 c5 2. c3 d5 3. exd5 Qxd5 4. d4 Nf6 5. Nf3 Bg4 6. dxc5 Qxc5 7. Na3 a6 8. Be3 Qc7 9. h3 Bh5 10. Nc4 Nbd7 11. g4 Bg6 12. g5 b5 13. gxf6 bxc4 14. Qa4 exf6 15. Bxc4 Bd6 16. 0-0-0 Rd8 17. Nh4 0-0 18. Nxg6 hxg6 19. Kb1 Nc5 20. Qc2 f5 21. h4 Ne4 22. Bd5 Bc5 23. Bxe4 fxe4 24. Qxe4 Bxe3 25. Qxe3 Qc6 26. Rhe1 Rxd1+ 27. Rxd1 Re8 28. Qd3 Re5 29. a3 Kh7 30. c4 a5 31. Rc1 a4 32. Ka2 Qb6 33. f4 Rc5 34. Qe4 Qa5 35. Rc2 Rh5 36. Qc6 Rc5 37. Qd6 Qa7 38. Rc3 f6 39. Kb1 Qa5 40. Qe7 Rc7 41. Qb4 Qa8 42. c5 Qc6 43. Rc1 Rb7 44. Qe1 Rc7 45. Rc4 Rd7 46. Qe2 Kh6 47. Qc2 Qh1+ 48. Ka2 Rd1 49. Qxa4 Ra1+ 50. Kb3 Qd1+ 51. Rc2 1-0

[Event "Remote-ch Class3 email"]
[Site "Remote email"]
[Date "2013.04.01"]
[Round "?"]
[White "Pohlig, Bernd"]
[Black "Dietrich, Udo"]
[Result "1/2-1/2"]
[WhiteElo "2490"]
[BlackElo "2444"]
[PlyCount "48"]
[EventDate "2013.??.??"]
[EventType "tourn (corr)"]
[EventRounds "6"]
[EventCountry "GER"]
[SourceTitle "Corr 2015"]
[Source "ChessBase"]
[SourceDate "2015.07.17"]
[SourceVersion "1"]
[SourceVersionDate "2015.07.17"]
[SourceQuality "1"]

1. e4 c5 2. Nf3 e6 3. d4 cxd4 4. Nxd4 Nf6 5. Nc3 Nc6 6. Ndb5 Bb4 7. a3 Bxc3+ 8. Nxc3 d5 9. exd5 exd5 10. Bd3 0-0 11. 0-0 d4 12. Ne2 Qd5 13. Nf4 Qd6 14. Nh5 Qe5 15. Nxf6+ Qxf6 16. Qh5 h6 17. Re1 Be6 18. Bd2 Rad8 19. f4 Rd5 20. Qf3 Rfd8 21. Be4 R5d7 22. Qd3 Ne7 23. h3 Nf5 24. g4 Ne3 1/2-1/2

[Event "DESC-Remote email"]
[Site "Remote email"]
[Date "2013.02.10"]
[Round "?.16"]
[White "Killer, Oliver"]
[Black "Pohlig, Bernd"]
[Result "0-1"]
[WhiteElo "2289"]
[BlackElo "2183"]
[PlyCount "168"]
[EventDate "2013.??.??"]
[EventType "team-match (corr)"]
[EventRounds "2"]
[EventCountry "GER"]
[SourceTitle "Corr 2015"]
[Source "ChessBase"]
[SourceDate "2015.07.17"]
[SourceVersion "1"]
[SourceVersionDate "2015.07.17"]
[SourceQuality "1"]
[WhiteTeam "DESC"]
[BlackTeam "Remote"]

1. d4 e6 2. c4 Nf6 3. Nf3 b6 4. g3 Ba6 5. b3 d5 6. Bg2 Bb4+ 7. Bd2 Bxd2+ 8. Qxd2 0-0 9. cxd5 exd5 10. Nc3 Re8 11. Ne5 Bb7 12. 0-0 c5 13. Rfd1 Na6 14. Nc4 Qd7 15. dxc5 Nxc5 16. Ne3 Nce4 17. Nxe4 Nxe4 18. Qd4 Rad8 19. Rac1 h6 20. Rc2 h5 21. h4 g6 22. Bf3 Qe7 23. Rdc1 Rd7 24. Ng2 Qe5 25. Qxe5 Rxe5 26. Rd1 Ree7 27. Nf4 Kg7 28. e3 Kf6 29. Rd4 Ke5 30. Ra4 Ba8 31. Rc8 Bb7 32. Rc1 Ba8 33. Rd4 Rc7 34. Rcd1 Nc3 35. R1d3 Re8 36. a4 Bb7 37. Kh2 Rd8 38. Bg2 Rd6 39. Rd2 Rdd7 40. Bf3 Nb1 41. R2d3 Nc3 42. Bg2 Rd6 43. Rd2 Rdd7 44. Kg1 Nb1 45. Rd1 Nc3 46. R1d3 Rd6 47. Rd2 Rdd7 48. Bf3 Nb1 49. Rd1 Nc3 50. R1d3 Rd6 51. Rd2 Nb1 52. Rb2 Nc3 53. Rc2 Rdd7 54. Rcd2 Nb1 55. Rd1 Nc3 56. R1d3 Rd6 57. Kg2 Rdd7 58. Kh2 Rd8 59. Rd2 Rdd7 60. Bg2 a5 61. Bf3 Rd6 62. Bg2 Rdd7 63. Bf3 Rd6 64. Rc2 Rdd7 65. Rb2 Rd6 66. Rbd2 Nb1 67. Rb2 Nc3 68. Bg2 Rdd7 69. Rbd2 Nb1 70. Rb2 Nc3 71. Kg1 Rd8 72. Rbd2 Nb1 73. Rd1 Nc3 74. R1d3 Rdd7 75. Rd2 Nb1 76. Rd1 Nc3 77. R1d3 Ba6 78. Rd2 Bb7 79. Nd3+ Kf6 80. Nf4 Ke5 81. Kh2 Nb1 82. R2d3 Nc3 83. b4 Ba6 84. b5 Bb7 0-1

[Event "Remote-SM email"]
[Site "Remote email"]
[Date "2013.02.10"]
[Round "?.16"]
[White "Laine, Jari"]
[Black "Pohlig, Bernd"]
[Result "1/2-1/2"]
[WhiteElo "2075"]
[BlackElo "2183"]
[PlyCount "130"]
[EventDate "2013.??.??"]
[EventType "team-match (corr)"]
[EventRounds "2"]
[EventCountry "GER"]
[SourceTitle "Corr 2015"]
[Source "ChessBase"]
[SourceDate "2015.07.17"]
[SourceVersion "1"]
[SourceVersionDate "2015.07.17"]
[SourceQuality "1"]
[WhiteTeam "SchemingMind"]
[BlackTeam "Remote"]

1. e4 c5 2. Nc3 Nc6 3. Bb5 Nd4 4. Bc4 e6 5. Nge2 Nf6 6. 0-0 a6 7. d3 b5 8. Bb3 Nc6 9. Bg5 Be7 10. f4 Bb7 11. Qd2 0-0 12. e5 Ng4 13. Bxe7 Nxe7 14. h3 Nh6 15. Ng3 d5 16. exd6 Qxd6 17. Nce4 Qc7 18. Qf2 Rac8 19. c3 Rfd8 20. Ng5 c4 21. dxc4 bxc4 22. Bc2 Nhf5 23. Nxf5 exf5 24. Rae1 Rb8 25. b4 cxb3 26. axb3 h6 27. Nf3 Nd5 28. Nh4 g6 29. c4 Nb4 30. Bxf5 gxf5 31. Nxf5 Kh7 32. Re7 Rd7 33. Rxd7 Qxd7 34. Nxh6 Kxh6 35. Qh4+ Kg7 36. Qg5+ Kf8 37. Qe5 Re8 38. Qh8+ Ke7 39. Qe5+ Qe6 40. Qc7+ Kf8 41. Qxb7 Nc2 42. Qc7 Rc8 43. Qa5 Nd4 44. Re1 Qf6 45. Qb4+ Kg7 46. Re4 Rc6 47. c5 Ne6 48. Rc4 Qa1+ 49. Kh2 Qb2 50. h4 Qf6 51. g3 Qb2+ 52. Kh3 Qf2 53. Qc3+ Kg8 54. Qd3 Rxc5 55. Rxc5 Qxc5 56. Qxa6 Qf5+ 57. Kh2 Qc2+ 58. Kh3 Qxb3 59. Qa8+ Kg7 60. Qe4 Qd1 61. f5 Nd4 62. Qe5+ Kh7 63. Qd5 Qf1+ 64. Kg4 Qe2+ 65. Kf4 Qf2+ 1/2-1/2

[Event "DESC-Remote email"]
[Site "Remote email"]
[Date "2013.02.10"]
[Round "?.16"]
[White "Pohlig, Bernd"]
[Black "Killer, Oliver"]
[Result "1-0"]
[WhiteElo "2183"]
[BlackElo "2289"]
[PlyCount "83"]
[EventDate "2013.??.??"]
[EventType "team-match (corr)"]
[EventRounds "2"]
[EventCountry "GER"]
[SourceTitle "Corr 2015"]
[Source "ChessBase"]
[SourceDate "2015.07.17"]
[SourceVersion "1"]
[SourceVersionDate "2015.07.17"]
[SourceQuality "1"]
[WhiteTeam "Remote"]
[BlackTeam "DESC"]

1. e4 c5 2. Nf3 Nc6 3. Nc3 Nf6 4. Bb5 Qc7 5. 0-0 Nd4 6. Re1 a6 7. Bd3 Ng4 8. e5 d6 9. Nd5 Qd8 10. Nxd4 cxd4 11. e6 Bxe6 12. Rxe6 fxe6 13. Nf4 Ne5 14. Nxe6 Qb6 15. Be4 g6 16. c4 Bh6 17. b3 Nc6 18. Bb2 Rf8 19. Bxc6+ Qxc6 20. Nxf8 Kxf8 21. Bxd4 Qe4 22. Bc3 Qd3 23. Qf1 Qxf1+ 24. Kxf1 b5 25. cxb5 axb5 26. a4 bxa4 27. bxa4 Bg5 28. Ke2 Ke8 29. a5 Kd7 30. a6 Kc6 31. f3 e5 32. d4 Kb6 33. dxe5 dxe5 34. Kd3 Rxa6 35. Rxa6+ Kxa6 36. Kc4 Kb6 37. Kd5 Kc7 38. Ke6 Kd8 39. Bxe5 Be3 40. Kf7 Kd7 41. f4 Bg1 42. h3 1-0

[Event "CO-Remote email"]
[Site "Remote email"]
[Date "2013.02.10"]
[Round "?.16"]
[White "Pohlig, Bernd"]
[Black "Naumenko, Alexander"]
[Result "0-1"]
[WhiteElo "2183"]
[BlackElo "2181"]
[PlyCount "66"]
[EventDate "2013.??.??"]
[EventType "team-match (corr)"]
[EventRounds "2"]
[EventCountry "GER"]
[SourceTitle "Corr 2015"]
[Source "ChessBase"]
[SourceDate "2015.07.17"]
[SourceVersion "1"]
[SourceVersionDate "2015.07.17"]
[SourceQuality "1"]
[WhiteTeam "Remote"]
[BlackTeam "ChessOnline"]

1. e4 c5 2. Nf3 Nc6 3. Nc3 d6 4. d4 cxd4 5. Nxd4 Nf6 6. Bg5 e6 7. Qd2 a6 8. 0-0-0 Bd7 9. f4 h6 10. Bh4 b5 11. Bxf6 gxf6 12. f5 Qb6 13. Nxc6 Bxc6 14. Kb1 h5 15. Qe1 b4 16. Nd5 Bxd5 17. exd5 e5 18. Bc4 a5 19. Qe2 Ke7 20. g3 h4 21. Qd3 hxg3 22. hxg3 Bh6 23. a4 bxa3 24. Qxa3 Rab8 25. Rde1 Rhc8 26. Re4 Be3 27. Bb3 Rg8 28. g4 Bd4 29. Rd1 Kf8 30. Ka2 Rh8 31. Rb1 a4 32. Bxa4 Rh2 33. Rd1 Kg7 0-1

[Event "Remote 4 Seasons Autumn email"]
[Site "Remote email"]
[Date "2012.11.01"]
[Round "?"]
[White "Pohlig, Bernd"]
[Black "Koestner, Wolfgang"]
[Result "1-0"]
[WhiteElo "2480"]
[BlackElo "2375"]
[PlyCount "41"]
[EventDate "2012.??.??"]
[EventType "tourn (corr)"]
[EventRounds "12"]
[EventCountry "GER"]
[SourceTitle "Corr 2015"]
[Source "ChessBase"]
[SourceDate "2015.07.17"]
[SourceVersion "1"]
[SourceVersionDate "2015.07.17"]
[SourceQuality "1"]

1. e4 Nf6 2. e5 Nd5 3. c4 Nb6 4. Nc3 d5 5. cxd5 Nxd5 6. d4 Nc6 7. Nf3 Bf5 8. Nh4 Be6 9. Bb5 Nxc3 10. bxc3 a6 11. Bd3 g6 12. 0-0 Bg7 13. Nf3 Bd5 14. Re1 0-0 15. h4 Na5 16. h5 Qe8 17. Ng5 Qc6 18. Nxh7 Rfd8 19. hxg6 fxg6 20. Ng5 Qxc3 21. Bxg6 1-0

[Event "Remote 4 Seasons Autumn email"]
[Site "Remote email"]
[Date "2012.11.01"]
[Round "?"]
[White "Scherer, Andreas"]
[Black "Pohlig, Bernd"]
[Result "1/2-1/2"]
[WhiteElo "2491"]
[BlackElo "2480"]
[PlyCount "50"]
[EventDate "2012.??.??"]
[EventType "tourn (corr)"]
[EventRounds "12"]
[EventCountry "GER"]
[SourceTitle "Corr 2015"]
[Source "ChessBase"]
[SourceDate "2015.07.17"]
[SourceVersion "1"]
[SourceVersionDate "2015.07.17"]
[SourceQuality "1"]

1. e4 c5 2. Nf3 Nc6 3. Nc3 Nf6 4. Bb5 Qc7 5. 0-0 Nd4 6. Re1 e5 7. d3 Be7 8. Bc4 d6 9. a4 Bd7 10. Nb5 Nxb5 11. axb5 0-0 12. Bg5 Qb6 13. Nh4 g6 14. Qc1 Bxb5 15. Re3 Bxc4 16. Nf5 gxf5 17. Bxf6 Bxf6 18. Rg3+ Kh8 19. Qh6 d5 20. Rh3 Bh4 21. Qxh4 Qg6 22. exf5 Qxf5 23. dxc4 dxc4 24. Qxc4 b6 25. Rd3 Rg8 1/2-1/2

[Event "Paulinares Memorial email"]
[Site "Remote email"]
[Date "2012.10.01"]
[Round "?"]
[White "Pohlig, Bernd"]
[Black "Allerberger, Peter"]
[Result "1/2-1/2"]
[WhiteElo "2488"]
[BlackElo "2537"]
[PlyCount "55"]
[EventDate "2012.??.??"]
[EventType "tourn (corr)"]
[EventRounds "11"]
[EventCountry "GER"]
[SourceTitle "Corr 2015"]
[Source "ChessBase"]
[SourceDate "2015.07.17"]
[SourceVersion "1"]
[SourceVersionDate "2015.07.17"]
[SourceQuality "1"]

1. d4 Nf6 2. Bg5 d5 3. Nc3 h6 4. Bf4 c5 5. e3 a6 6. Nf3 Nc6 7. Ne5 cxd4 8. exd4 Bf5 9. Nxc6 bxc6 10. Bd3 Bxd3 11. Qxd3 e6 12. 0-0 c5 13. Be5 Nd7 14. Bf4 Be7 15. Qg3 0-0 16. dxc5 Nxc5 17. Bxh6 Bf6 18. Bf4 Qb6 19. Rab1 Rac8 20. Bg5 Bxg5 21. Qxg5 d4 22. Ne2 Rfd8 23. Rfd1 Ne4 24. Qf4 f5 25. c3 g5 26. Qf3 dxc3 27. Nxc3 Nd2 28. Qh5 1/2-1/2

[Event "Paulinares Memorial email"]
[Site "Remote email"]
[Date "2012.10.01"]
[Round "?"]
[White "Pohlig, Bernd"]
[Black "Solis Gomez, Jose Alberto"]
[Result "1/2-1/2"]
[WhiteElo "2488"]
[BlackElo "2476"]
[PlyCount "50"]
[EventDate "2012.??.??"]
[EventType "tourn (corr)"]
[EventRounds "11"]
[EventCountry "GER"]
[SourceTitle "Corr 2015"]
[Source "ChessBase"]
[SourceDate "2015.07.17"]
[SourceVersion "1"]
[SourceVersionDate "2015.07.17"]
[SourceQuality "1"]

1. d4 d5 2. c4 c6 3. Nf3 Nf6 4. e3 e6 5. Qc2 Nbd7 6. Bd3 a6 7. 0-0 dxc4 8. Bxc4 b5 9. Be2 Bb7 10. a4 b4 11. Nbd2 c5 12. b3 cxd4 13. Nxd4 Rc8 14. Nc4 Be7 15. Bb2 0-0 16. Rfd1 Qc7 17. Rac1 Nc5 18. Bf3 Rfd8 19. Bxb7 Qxb7 20. a5 Qe4 21. Nb6 Rc7 22. Qe2 Qb7 23. Qc4 Qe4 24. Qe2 Qb7 25. Qc4 Qe4 1/2-1/2

[Event "Remote S7 Top 62 email"]
[Site "Remote email"]
[Date "2012.08.14"]
[Round "?"]
[White "Pirs, Matjaz"]
[Black "Pohlig, Bernd"]
[Result "0-1"]
[WhiteElo "2575"]
[BlackElo "2467"]
[PlyCount "168"]
[EventDate "2012.??.??"]
[EventType "tourn (corr)"]
[EventRounds "6"]
[EventCountry "GER"]
[SourceTitle "Corr 2015"]
[Source "ChessBase"]
[SourceDate "2015.07.17"]
[SourceVersion "1"]
[SourceVersionDate "2015.07.17"]
[SourceQuality "1"]

1. e4 c5 2. Nf3 Nc6 3. Nc3 Nf6 4. Bb5 Qc7 5. 0-0 Nd4 6. Re1 e5 7. Bc4 Be7 8. d3 d6 9. Bg5 Bg4 10. Nb5 Nxb5 11. Bxb5+ Bd7 12. Bxd7+ Qxd7 13. c3 0-0 14. d4 exd4 15. cxd4 Rad8 16. Qc2 Rfe8 17. Rad1 Qc6 18. b3 h6 19. Bh4 Nd7 20. h3 Bxh4 21. Nxh4 cxd4 22. Qxc6 bxc6 23. Rxd4 Nf6 24. Kf1 g6 25. Nf3 c5 26. Ra4 Re7 27. e5 dxe5 28. Nxe5 Rc7 29. g3 Kg7 30. Rc1 Rd5 31. Nc4 Rd4 32. Ra5 Ne4 33. Kg2 Ng5 34. Rc2 Ne6 35. Ra6 Rcd7 36. h4 R4d5 37. Rc3 h5 38. Re3 Rb7 39. Ra5 Rd1 40. Ne5 Rd5 41. Nf3 Rc7 42. Re4 Rd1 43. Rea4 Rdd7 44. Ne5 Rd5 45. Nc4 Rdd7 46. Ra6 Re7 47. Rd6 Nd4 48. Ne3 Nb5 49. Rd3 Re6 50. Rc4 Ra6 51. a4 Nd6 52. Rc1 Rac6 53. Rcd1 Ne8 54. Nc4 Re6 55. f3 Nf6 56. Kf2 Rce7 57. R1d2 Re1 58. Rc2 R1e6 59. Ne3 Rd7 60. Rcd2 Rde7 61. Rc3 Re4 62. Rcd3 R4e6 63. Rc2 Rd7 64. Rcc3 Rd4 65. Nc2 Rd7 66. Na3 Rde7 67. Rd2 Nd7 68. Nc4 Re1 69. Ne3 Rb1 70. Nd5 Ree1 71. Ne3 Nf8 72. Rxc5 Rh1 73. Rc3 Ne6 74. Nc2 Rbf1+ 75. Ke2 Rfg1 76. Nd4 Rxg3 77. Nxe6+ fxe6 78. Rd7+ Kf6 79. Rxa7 Rxh4 80. Rcc7 Ke5 81. Ra5+ Kf6 82. Rb7 Rh2+ 83. Ke3 Rhh3 84. Kd4 Rxf3 0-1

[Event "Remote S7 Top 62 email"]
[Site "Remote email"]
[Date "2012.04.14"]
[Round "?"]
[White "Pohlig, Bernd"]
[Black "Tauscher, Karl"]
[Result "1-0"]
[WhiteElo "2467"]
[BlackElo "2492"]
[PlyCount "107"]
[EventDate "2012.??.??"]
[EventType "tourn (corr)"]
[EventRounds "6"]
[EventCountry "GER"]
[SourceTitle "Corr 2015"]
[Source "ChessBase"]
[SourceDate "2015.07.17"]
[SourceVersion "1"]
[SourceVersionDate "2015.07.17"]
[SourceQuality "1"]

1. d4 d5 2. c4 dxc4 3. e4 c5 4. d5 e6 5. Bxc4 Nf6 6. Nc3 exd5 7. exd5 a6 8. Nf3 Bd6 9. Qe2+ Qe7 10. Qxe7+ Kxe7 11. 0-0 Bf5 12. Re1+ Kf8 13. Nh4 Bg6 14. Bg5 Nbd7 15. g3 Re8 16. Bf1 Be5 17. Rac1 b5 18. Nxg6+ hxg6 19. h4 Bxc3 20. Rxe8+ Kxe8 21. bxc3 Nxd5 22. Re1+ Kf8 23. c4 f6 24. cxd5 fxg5 25. Bd3 Kf7 26. Re6 Nf6 27. Rxa6 Rb8 28. Ra7+ Kf8 29. hxg5 Nxd5 30. Bxg6 Rb6 31. Bc2 c4 32. g6 Rf6 33. Ra5 Nc3 34. Ra8+ Ke7 35. Ra7+ Kf8 36. Kg2 Ne2 37. Rd7 b4 38. Rb7 Nd4 39. Be4 b3 40. axb3 Nxb3 41. Rb8+ Ke7 42. Rg8 Nc5 43. Bb1 Nd3 44. Bxd3 cxd3 45. Rxg7+ Ke8 46. Rg8+ Ke7 47. g7 Rg6 48. Kf3 d2 49. Ke2 Rd6 50. Re8+ Kf6 51. Kd1 Kxg7 52. Re2 Kf6 53. Rxd2 Re6 54. Rd5 1-0

[Event "Remote 4 Seasons Winter email"]
[Site "Remote email"]
[Date "2011.12.21"]
[Round "?"]
[White "Leisebein, Peter"]
[Black "Pohlig, Bernd"]
[Result "1/2-1/2"]
[WhiteElo "2410"]
[BlackElo "2453"]
[PlyCount "77"]
[EventDate "2011.??.??"]
[EventType "tourn (corr)"]
[EventRounds "10"]
[EventCountry "GER"]
[SourceTitle "Corr 2015"]
[Source "ChessBase"]
[SourceDate "2015.07.17"]
[SourceVersion "1"]
[SourceVersionDate "2015.07.17"]
[SourceQuality "1"]

1. d4 e6 2. e4 b6 3. Nf3 Bb7 4. Bd3 c5 5. Nc3 cxd4 6. Nxd4 Nc6 7. Nxc6 Bxc6 8. 0-0 Bc5 9. Rb1 Bd6 10. Qe2 Qc7 11. f4 Ne7 12. b4 Ng6 13. g3 0-0 14. a3 a5 15. Be3 axb4 16. axb4 Be7 17. Qf2 Rfb8 18. Bd4 f6 19. b5 Bb7 20. Rb3 Bc5 21. Bxc5 bxc5 22. b6 Qc8 23. Be2 Ra5 24. Rd1 Ba6 25. Bb5 Nf8 26. Rd6 Ra1+ 27. Kg2 Bxb5 28. Rxb5 Qa6 29. Rb2 Qc4 30. Rb3 Qa6 31. Nd1 Ra4 32. Qxc5 Rxe4 33. Nc3 Re1 34. Qf2 Rc1 35. Kh3 h5 36. Nb5 Qa5 37. c3 Qa6 38. Rb4 Qa5 39. Rb2 1/2-1/2

[Event "Remote 4 Seasons Winter email"]
[Site "Remote email"]
[Date "2011.12.21"]
[Round "?"]
[White "Pohlig, Bernd"]
[Black "Coche, Wilhelm"]
[Result "1/2-1/2"]
[WhiteElo "2453"]
[BlackElo "2495"]
[PlyCount "68"]
[EventDate "2011.??.??"]
[EventType "tourn (corr)"]
[EventRounds "10"]
[EventCountry "GER"]
[SourceTitle "Corr 2015"]
[Source "ChessBase"]
[SourceDate "2015.07.17"]
[SourceVersion "1"]
[SourceVersionDate "2015.07.17"]
[SourceQuality "1"]

1. c4 e5 2. Nc3 Nf6 3. Nf3 Nc6 4. g3 Bb4 5. Bg2 d6 6. 0-0 0-0 7. d3 h6 8. Bd2 a5 9. a3 Bxc3 10. bxc3 Re8 11. Rb1 a4 12. e4 b6 13. h3 Nd7 14. Nh4 Nc5 15. Nf5 Qf6 16. Qe2 Bxf5 17. exf5 e4 18. dxe4 Re7 19. Be3 Nxe4 20. Qg4 Rae8 21. Rbe1 g6 22. fxg6 Qxg6 23. Qxg6+ fxg6 24. Bxh6 Na5 25. Re2 Kh7 26. Bf8 Re5 27. Rfe1 Nd2 28. Rxe5 dxe5 29. Bb4 Naxc4 30. Bc6 Re6 31. Bd5 Rf6 32. Be7 Rf3 33. Kg2 Rxc3 34. Bc6 Nd6 1/2-1/2